| 000 | 00343nam a22001457a 4500 | ||
|---|---|---|---|
| 020 | _a9067644218 | ||
| 040 | _cNUST | ||
| 082 | _a621.38152 ADH | ||
| 100 | _aMittal, K.L | ||
| 245 | _aAdhesion Aspects of Thin Films | ||
| 250 | _bVolume 2 | ||
| 260 |
_aBoston: _bVSP, _c2005. |
||
| 650 | _aAdhesion Aspects of Thin Films | ||
| 942 |
_2ddc _cBK |
||
| 999 |
_c594742 _d594742 |
||